=LDR 00000nam 2200000 4500 =001 INLIS000000000005367 =005 20251015081005 =035 ##$$a 0010-1025000422 =007 ta =008 251015###########################0#ind## =082 ##$$a 304.6 =084 ##$$a 304.6 KAR k =100 #$$a Kartomo Wirosuhardjo =245 1#$$a Kebijakan Kependudukan Dalam Bidang Registrasi Vital /$c Badan Koordinasi Keluarga Berencana Nasional =260 ##$:$b Badan Koordinasi Keluarga Berencana Nasional =300 ##$$a 7 Hal : $b Ilus ; $c 21 =650 #4$$a Keluarga Berencana =856 ##$$a Perpustakaan Kemendukbangga